| 000 | 00790nam a2200253Ia 4500 | ||
|---|---|---|---|
| 003 | OSt | ||
| 005 | 20221005092013.0 | ||
| 006 | a|||||r|||| 00| 0 | ||
| 007 | ta | ||
| 008 | 221004b |||||||| |||| 00| 0 eng d | ||
| 020 |
_a9780863774850 (hbk) _c8060.80 |
||
| 024 | _a7858 | ||
| 037 |
_b39282, 19/11/2013, Segment Book Distributors _cTextual |
||
| 040 |
_aCRL _cCRL _beng |
||
| 041 |
_2eng _aeng |
||
| 082 | _aS:73:6, N7 | ||
| 100 |
_aRabbitt Patrick Ed. _9616784 |
||
| 245 | 0 | _aMethodology of frontal and executive function | |
| 260 |
_aNew York _bPsychology Press USA _c1997 |
||
| 300 |
_aviii,264p. _ccm. |
||
| 650 | _aPSYCHOLOGY | ||
| 942 |
_hS:73:6, N7 _cTEXL _2cc |
||
| 999 |
_c998134 _d998134 |
||